Guess 14 ivorian footballers by image - Statistics

General Stats
  • This quiz has been taken 117 times
  • The average score is 10 of 14
Answer Stats
Picture Answer % Correct
Didier Drogba
97%
Yaya Toure
95%
Sebastien Haller
88%
Gervinho
85%
Frank Kessie
82%
Wilfried Zaha
80%
Eric Bailly
77%
Serge Aurier
75%
Kolo Toure
70%
Nicolas Pepe
70%
Salomon Kalou
63%
Wilfried Bony
62%
Emmanuel Eboue
42%
Datro Fofana
37%
No matching quizzes found
Score Distribution
Percent of People with Each Score
Percentile by Number Answered
Your Score History
You have not taken this quiz